Statistics for Finland groups of things

Click here to take the quiz!

General Stats

  • This quiz has been taken 274 times
    (273 since last reset)
  • The average score is 20 of 30

Answer Stats

Answer% Correct
Finnish
99%
Russia
98%
Sweden
98%
Helsinki
97%
Norway
97%
Blue
96%
White
96%
Swedish
95%
Tampere
86%
Turku
85%
Kimi Räikkönen
84%
Winter war
83%
Espoo
81%
Oulu
81%
Vantaa
76%
Mika Häkkinen
69%
Valtteri Bottas
59%
Keke Rosberg
54%
Nico Rosberg
54%
Continuation war
53%
Jari Litmanen
52%
Lapland war
49%
Mika Salo
39%
Sami Hyypiä
39%
Heikki Kovalainen
32%
JJ Lehto
26%
Bear
25%
Wolf
22%
Lynx
17%
Wolverine
16%

Score Distribution

Percentile by Number Answered

Percent of People with Each Score

Your Score History

You have not taken this quiz since the last reset